Statistiques concernant Pays limitrophes de la Turquie

Cliquez ici pour prendre le quiz!

Statistiques générales

  • Ce quiz a été pris 1 566 fois
  • Le résultat moyen est 7 sur 8

Réponses sur la Carte

Les réponses sont colorées sur une échelle allant du rouge au vert en fonction du pourcentage des utilisateurs qui les ont devinées à leur premier essai. Vous pouvez retrouver ces pourcentages ci-dessous.
 

Statistiques - réponses

Longueur de bordurePays% Correct
311 kmIrak
94%
206 kmGrèce
93%
499 kmIran
93%
822 kmSyrie
93%
268 kmArménie
92%
252 kmGéorgie
90%
9 kmAzerbaïdjan
85%
240 kmBulgarie
81%

Distribution des résultats

Percentile par nombre de réponses

% des personnes avec chaque résultat

Votre développement - résultats

Vous n’avez pas pris ce quiz